[Event "RUS-ch"]
[Site "Elista"]
[Date "1994.??.??"]
[Round "1"]
[White "Tregubov, Pavel V"]
[Black "Panchenko, Alexander N"]
[Result "1-0"]
[WhiteElo "2545"]
[BlackElo "2475"]

1.d4 d6 2.Nc3 Nf6 3.e4 e5 4.dxe5 dxe5 5.Qxd8+ Kxd8 6.Bg5 Be6 7.f4 exf4 8.Nge2 h6
9.Bxf6+ gxf6 10.Nxf4 Bd6 11.Nh5 Nd7 12.Be2 Be5 13.O-O-O c6 14.Rhf1 Ke7 15.Nd5+ cxd5
16.exd5 Rhg8 17.dxe6 fxe6 18.g3 Rad8 19.Rde1 Nb6 20.Nf4 Nd5 21.Nd3 Bd4 22.Bf3 a5
23.Re2 b5 24.Rfe1 Nc7 25.Re4 f5 26.R4e2 Kf6 27.Ne5 Rd6 28.c3 Bb6 29.a4 bxa4
30.Nc4 Rd3 31.Nxb6 a3 32.Bc6 axb2+ 33.Kc2 Rgd8 34.Nc4  1-0

[Event "RUS-ch"]
[Site "Elista"]
[Date "1994.??.??"]
[Round "8"]
[White "Burmakin, Vladimir"]
[Black "Rashkovsky, Nukhim N"]
[Result "1-0"]
[WhiteElo "2555"]
[BlackElo "2510"]

1.d4 d6 2.e4 Nf6 3.Nc3 c6 4.Nf3 Bg4 5.h3 Bh5 6.Bd3 e6 7.Qe2 Be7 8.a3 d5 9.exd5 cxd5
10.Bb5+ Nfd7 11.g4 Bg6 12.h4 h6 13.Ne5 Bh7 14.g5 Bf5 15.gxh6 g6 16.Bg5 a6
17.Bd3 Nxe5 18.Bxf5 Nec6 19.Bxg6 fxg6 20.Qxe6 Qd6 21.Qxd6 Bxd6 22.Nxd5 Nd7
23.O-O-O O-O 24.Rhe1 Rae8 25.c3 Na5 26.f4 Nc4 27.Kc2 Ncb6 28.Ne7+ Bxe7 29.Bxe7 Rxf4
30.Bg5 Rff8 31.b3 Rf2+ 32.Rd2 Rxd2+ 33.Kxd2 Rxe1 34.Kxe1 Nd5 35.c4 N5f6 36.Ke2 Kh7
37.Ke3 Ng8 38.Ke4 Nxh6 39.Kd5 Nf5 40.Ke6 Nf8+ 41.Kf7 Nxd4 42.Kxf8 Nxb3 43.Ke7 b5
44.Kd6 bxc4 45.Kd5 c3 46.Kc4 Na5+ 47.Kxc3 Kg7 48.Kd4 Kf7 49.Kd5 Ke8 50.Ke6 Nc6
51.Bf6 Na5 52.Bb2 Nc6 53.Bf6 Na5 54.a4 Nb3 55.Kd6 Nd2 56.Kc6 Ne4  1-0

[Event "Eupen op act"]
[Site "Eupen"]
[Date "1994.??.??"]
[Round "6"]
[White "Balashov, Yuri S"]
[Black "Beikert, Guenther"]
[Result "1-0"]
[WhiteElo "2510"]
[BlackElo "2415"]

1.e4 d6 2.d4 Nf6 3.Nc3 e5 4.Nf3 Nbd7 5.Bc4 Be7 6.O-O O-O 7.Re1 c6 8.a4 a5
9.h3 Qb6 10.b3 Qc7 11.Ba3 Nb6 12.Bf1 Re8 13.Qd2 Bd7 14.Rad1 Rad8 15.Nb1 Nc8
16.c4 exd4 17.Qxd4 Qb6 18.Nbd2 Qxd4 19.Nxd4 Bf8 20.Bb2 Nh5 21.Bc3 b6 22.g3 g6
23.Bg2 Bg7 24.Nb1 Na7 25.Ne2 Bc8 26.Rd2 Kf8 27.Red1 Ke7 28.f4 Bxc3 29.Nbxc3 Ng7
30.Nd4 Ne6 31.Kf2 f6 32.Nxe6 Bxe6 33.Ne2 Bf7 34.Nd4 Kd7 35.g4 Kc7 36.h4 h6
37.h5 gxh5 38.gxh5 Be6 39.Bf3 Bc8 40.Rg1 c5 41.Ne2 Rg8 42.Rg6 Rxg6 43.hxg6 Nc6
44.Nc3 Nd4 45.Nd5+ Kd7 46.Nxf6+ Ke6 47.Nd5 Nxf3 48.Kxf3  1-0

[Event "FIN-chT"]
[Site "?"]
[Date "1994.??.??"]
[Round "?"]
[White "Tikkanen, Kari"]
[Black "Jouhki, Yrjo Markus"]
[Result "1-0"]
[WhiteElo "2230"]
[BlackElo "2230"]

1.d4 d6 2.e4 Nf6 3.Nc3 e5 4.Nf3 Nbd7 5.Bc4 Be7 6.O-O O-O 7.a4 c6 8.a5 Qc7
9.Qe2 Rb8 10.Rd1 b5 11.axb6 axb6 12.Ba6 Re8 13.d5 Bxa6 14.Rxa6 Nc5 15.Ra1 b5
16.b4 Na4 17.Nxa4 bxa4 18.Rxa4 cxd5 19.exd5 Rec8 20.Ne1 Qc4 21.Qxc4 Rxc4
22.Ba3 Ne4 23.Ra6 Nc3 24.Ra1 g6 25.Kf1 Nxd5 26.b5 Nc7 27.Ra7 Rxb5 28.Rd1 Rb6
29.Rd3 Kg7 30.Rb3 Rxb3 31.cxb3 Rc6 32.Rb7 Rc3 33.Bb2 Rc6 34.f4 Bf6 35.Nd3 exf4
36.Nb4 Rc5 37.Bxf6+ Kxf6 38.Rxc7 Ke5 39.Nd3+  1-0

[Event "FRA-chT "]
[Site "FRA"]
[Date "1994.??.??"]
[Round "1"]
[White "Renet, Olivier"]
[Black "Beikert, Guenther"]
[Result "1-0"]
[WhiteElo "2485"]
[BlackElo "2415"]

1.e4 d6 2.d4 Nf6 3.Nc3 e5 4.Nf3 Nbd7 5.Bc4 Be7 6.O-O O-O 7.Re1 c6 8.a4 b6
9.d5 Bb7 10.dxc6 Bxc6 11.Bg5 Bb7 12.Bxf6 Nxf6 13.Qd3 Qc7 14.Nd2 Rac8 15.Bb3 Qc5
16.Nf1 Qb4 17.Ne3 Rfd8 18.Nf5 Bf8 19.Qf3 g6 20.Nh6+ Bxh6 21.Qxf6 Rd7 22.Rad1 Bg7
23.Qh4 d5 24.Qh3 Rcd8 25.Bxd5 Bc8 26.Qf3 Qxb2 27.Bxf7+ Kh8 28.Rxd7 Rxd7 29.Bb3 Bb7
30.h3 Qa3 31.Rd1 Rxd1+ 32.Qxd1 Qe7 33.Bd5 Bc8 34.Bb3 Bb7 35.Qd3 h5 36.Nb5 Ba6
37.Qd5 Kh7 38.Nd6 Qf8 39.Qe6 Be2 40.Bd5 Bd1 41.Bb3 h4 42.Qd7 Be2 43.Bf7 Kh6
44.Qe6 Bh5 45.Nf5+ Kg5 46.g3 hxg3 47.h4+ Kf4 48.fxg3+ Kf3 49.Qb3+ Ke2 50.Qd3+ Ke1
51.Qc3+ Kd1 52.Ne3+ Kc1 53.Qa1+ Kd2 54.Nc4+ Kxc2 55.Qb2+ Kd3 56.Qd2+ Kxe4
57.Nd6+  1-0

[Event "FRA-chT "]
[Site "FRA"]
[Date "1994.??.??"]
[Round "8"]
[White "Boulet, Philippe"]
[Black "Loheac Amoun, Frank"]
[Result "1-0"]
[WhiteElo "2225"]
[BlackElo "2010"]

1.d4 d6 2.e4 Nf6 3.Nc3 Nbd7 4.g3 e5 5.Nge2 Be7 6.Bg2 O-O 7.O-O c6 8.a4 b6
9.h3 a6 10.Be3 Bb7 11.g4 b5 12.Ng3 Nb6 13.b3 exd4 14.Qxd4 c5 15.Qd2 b4 16.Nce2 a5
17.Nf4 Qc7 18.Nfh5 Rfd8 19.Bg5 Nxh5 20.Nxh5 d5 21.e5 Qxe5 22.Bf4 Qe6 23.Rfe1 Qd7
24.Nxg7 Kxg7 25.Be5+ Kg8 26.Qh6 f6 27.Bxf6 Bxf6 28.Qxf6 Qf7 29.Qxb6 Rf8 30.Qe6 Rae8
31.Qxf7+ Kxf7 32.Rad1 Rxe1+ 33.Rxe1 Rd8 34.f4 Rd7 35.Rd1 d4 36.Bf1 Re7 37.Bd3 Kf8  1-0

[Event "France op"]
[Site "France"]
[Date "1994.??.??"]
[Round "5"]
[White "Gomez, A."]
[Black "Ostertag, M."]
[Result "1-0"]
[WhiteElo "1720"]
[BlackElo "1950"]

1.e4 d6 2.d4 Nf6 3.Nc3 Nbd7 4.f4 e5 5.Nf3 c6 6.dxe5 dxe5 7.fxe5 Ng4 8.e6 fxe6
9.Ng5 Nde5 10.Qxd8+ Kxd8 11.h3 Nh6 12.Bf4 Bd6 13.O-O-O Ke7 14.Rxd6 Kxd6 15.Nf3 Nf7
16.Be2 b5 17.Rd1+ Ke7 18.Nxe5 Nxe5 19.Bxe5 a5 20.Rd6 Bd7 21.Bf3 a4 22.Ne2 b4
23.Nf4 Ra5 24.Nd3 c5 25.Bf4 e5 26.Nxe5 Kxd6 27.Nc4+ Kc6 28.Nxa5+ Kb5 29.Nb7 Bc6
30.Nd6+ Kb6 31.Nc4+ Kb7 32.Bd6 Ka6 33.Kd2 g6 34.Kd3 Kb5 35.b3 a3 36.e5 Bd7
37.Ne3 Be6 38.Bd5 Bxd5 39.Nxd5 Rd8 40.Nf6 h6 41.c4+ bxc3  1-0

[Event "Frydek-Mistek op"]
[Site "Frydek-Mistek"]
[Date "1994.??.??"]
[Round "?"]
[White "Voloshin, Leonid"]
[Black "Belikov, Vladimir"]
[Result "0-1"]
[WhiteElo "2390"]
[BlackElo "2450"]

1.d4 d6 2.e4 Nf6 3.Nc3 Nbd7 4.Nf3 e5 5.Bc4 Be7 6.O-O O-O 7.Qe2 c6 8.a4 exd4
9.Nxd4 Re8 10.Be3 Bf8 11.Bd3 Nc5 12.Qf3 Bg4 13.Qg3 Bh5 14.f3 d5 15.Nf5 Bg6
16.Bxc5 Bxc5+ 17.Kh1 Bxf5 18.exf5 Qb6 19.Nd1 a5 20.b3 Re7 21.Nf2 Bxf2 22.Rxf2 Qd4
23.Rff1 Rae8 24.Rad1 h6 25.Qd6 Qc3 26.g4 Nd7 27.Rf2 Ne5 28.Kg2 Nxd3 29.Rxd3 Qa1
30.Qc5 Re1 31.Kh3 R1e2 32.Rd2 R2e3 33.Qxa5 h5 34.Qc7 hxg4+ 35.Kxg4 R3e5 36.Qxb7 Qg1+
37.Rg2 Qe3 38.Qxc6 Re4+  0-1

[Event "Gausdal Int"]
[Site "Gausdal"]
[Date "1994.??.??"]
[Round "1"]
[White "Berg, Anders Hoyer"]
[Black "Ciemniak, Robert"]
[Result "0-1"]
[WhiteElo "2045"]
[BlackElo "2435"]

1.e4 d6 2.d4 Nf6 3.Nc3 c6 4.f4 Qa5 5.Bd3 e5 6.dxe5 dxe5 7.fxe5 Ng4 8.Nf3 Nxe5
9.Nxe5 Qxe5 10.O-O Bd6 11.Bf4 Qd4+ 12.Kh1 Bxf4 13.Rxf4 Be6 14.Qh5 Nd7 15.Raf1 Qe5
16.Qe2 Qc5 17.Qf2 Qxf2 18.R4xf2 Ne5 19.h3 Ke7 20.Rd1 b5 21.Rfd2 h5 22.Kg1 h4
23.Kf2 g5 24.Be2 Rag8 25.Rh1 Rg6 26.Nd1 Rhh6 27.Ne3 Rf6+ 28.Ke1 Rf4 29.Bd3 Rhf6
30.b3 a6 31.a4 bxa4 32.bxa4 c5 33.Bxa6 Rxe4 34.Re2 Rxa4 35.Bd3 Ra1+ 36.Nd1 Nxd3+
37.cxd3 Kd6 38.Kd2 Rf4 39.Nf2 Rxh1 40.Nxh1 Bd5 41.Ke1 Ra4  0-1

[Event "Peer Gynt"]
[Site "Gausdal"]
[Date "1994.??.??"]
[Round "3"]
[White "Johnsen, Sverre"]
[Black "Poluljahov, Aleksandr"]
[Result "0-1"]
[WhiteElo "2250"]
[BlackElo "2485"]

1.d4 Nf6 2.Nc3 d6 3.e4 e5 4.Nf3 Nbd7 5.Bc4 Be7 6.O-O O-O 7.Qe2 c6 8.a4 a5
9.h3 exd4 10.Nxd4 Re8 11.Be3 Bf8 12.f3 d5 13.exd5 Nb6 14.Bb3 Nbxd5 15.Nxd5 Nxd5
16.Bxd5 Qxd5 17.c3 Qe5 18.Rfe1 Bd7 19.Qd2 Qg3 20.Ne2 Qc7 21.Nd4 b5 22.Nb3 c5
23.axb5 a4 24.b6 Qxb6 25.Qxd7 Qxb3 26.Bf2 Red8 27.Qg4 Qxb2 28.Rxa4 Rxa4 29.Qxa4 Qxc3
30.Re8 Qc1+ 31.Kh2 Rxe8 32.Qxe8 Qf4+ 33.Bg3 Qd4 34.Be5 Qd5 35.f4 f6 36.Bc3 Qc4
37.Qe3 Kf7 38.g3 Qa2+ 39.Kg1 Qe6 40.Qf3 c4 41.Kg2 f5 42.Qd1 Qe4+ 43.Kh2 h6
44.Be5 Qd3 45.Qa4 Bc5 46.Qa1 Qe2+ 47.Kh1 Qf3+ 48.Kh2 Bf2  0-1

[Event "Sas van Gent"]
[Site "Gent"]
[Date "1994.??.??"]
[Round "8"]
[White "Lemmers, Oscar"]
[Black "Galego, Luis"]
[Result "1/2-1/2"]
[WhiteElo "2370"]
[BlackElo "2440"]

1.e4 d6 2.d4 Nf6 3.Nc3 c6 4.Be3 Qa5 5.f3 e5 6.Bc4 Nbd7 7.a3 Be7 8.Ne2 O-O
9.O-O Qc7 10.g4 d5 11.exd5 Nb6 12.Ba2 Rd8 13.Bf2 Nfxd5 14.Nxd5 Nxd5 15.c4 Nf6
16.Qc2 exd4 17.Nxd4 Bd6 18.Kg2 Be5 19.Rad1 Bd7 20.Bb1 g6 21.c5 Nd5 22.Ba2 Nf4+
23.Kh1 Re8 24.Qd2 Nd5 25.Bg1 Bf4 26.Qc2 Ne3 27.Qb3 Be6 28.Nxe6 Rxe6 29.Rfe1 Rae8
30.Rd3 Nd5 31.Rxe6 fxe6 32.Qa4 a6 33.Qe4 Kf7 34.Rd1 Qe5 35.Bd4 Qg5 36.b4 Re7
37.Bc4 Bc7 38.Re1 Qd2 39.Be5 Bxe5 40.Qxe5 Nf4 41.Bf1 g5 42.h4 Ng6 43.Qe4 gxh4
44.Bc4 Nf4 45.Qxh7+ Ke8 46.Qh8+ Kd7 47.Rg1 Nh3 48.Rf1 Nf4 49.Rg1 Qf2 50.Rd1+ Nd5
51.Bxd5 exd5 52.Qf6 h3 53.Rg1 d4  1/2-1/2

[Event "NRW-Liga II 9394"]
[Site "Germany"]
[Date "1994.??.??"]
[Round "?"]
[White "Ziegler, Ari"]
[Black "Krojanski, Hans Georg"]
[Result "1/2-1/2"]
[WhiteElo "2335"]
[BlackElo "2320"]

1.d4 d6 2.e4 Nf6 3.Nc3 c6 4.f4 Qa5 5.Bd3 e5 6.dxe5 dxe5 7.Nf3 Bg4 8.fxe5 Nfd7
9.h3 Bxf3 10.Qxf3 Nxe5 11.Qg3 Nbd7 12.O-O g6 13.Kh1 Bg7 14.Be2 O-O 15.Bg5 Rae8
16.Rad1 Qb4 17.Bc1 b5 18.a3 Qe7 19.Bg5 Qe6 20.Be3 a5 21.Rd2 Ra8 22.Rfd1 Qe7
23.Rd6 b4 24.Na4 Nf6 25.Qh4 Rfd8 26.Rxd8+ Rxd8 27.Rxd8+ Qxd8 28.axb4 axb4
29.b3 Bf8 30.Nb2 Be7 31.Qf4 Bd6 32.Bd4 Nfd7 33.Nd3 Qe7 34.Qe3 c5 35.Bb2 Nxd3
36.cxd3 Be5 37.d4 cxd4 38.Bxd4 Qd6 39.Bxe5 Nxe5 40.Kg1 Kg7 41.Kf2 h5 42.Ke1 Qd8
43.Kf1 Qf6+ 44.Ke1 Kh7 45.Kd1 Nc6 46.Bc4 Qa1+ 47.Ke2 Ne5 48.Bd5 Kg7 49.Kf2 Qb2+
50.Kg1 Qc3 51.Qf2 f6 52.Qa7+ Kh6 53.Qf2 Qc1+ 54.Kh2 Qg5 55.g3 Nd3 56.Qe2 Nc1
57.Qf2 h4 58.gxh4 Qe5+ 59.Kg2 Qc3 60.Bc4 Nxb3 61.Qf4+ Kg7 62.Qc7+ Kh6 63.Qf4+ Kg7
64.Qc7+ Kh6 65.Qf4+  1/2-1/2

[Event "BL2-S9394"]
[Site "Germany"]
[Date "1994.??.??"]
[Round "?"]
[White "Gerstner, Wolfgang"]
[Black "Mokry, Karel"]
[Result "1-0"]
[WhiteElo "2380"]
[BlackElo "2520"]

1.d4 d6 2.e4 Nf6 3.Nc3 c6 4.Bg5 Qb6 5.Rb1 e5 6.dxe5 dxe5 7.Bxf6 gxf6 8.Qf3 Be7
9.Bc4 h5 10.h3 Be6 11.Bb3 Nd7 12.Nge2 h4 13.O-O O-O-O 14.Nd1 Rhg8 15.Bxe6 fxe6
16.b4 Rg5 17.Qb3 c5 18.Ne3 cxb4 19.c3 Nc5 20.Qc2 Qc6 21.cxb4 Nxe4 22.Qb2 Kb8
23.Rbc1 Qb6 24.Nc3 Nxc3 25.Rxc3 Rgg8 26.Rfc1 Rc8 27.a3 Rxc3 28.Qxc3 Rd8 29.b5 Bd6
30.Ng4 Qxb5 31.Nxf6 a6 32.Ne4 Qb6 33.Nxd6 Qxd6 34.Re1 Qd4 35.Qf3 Rd5 36.Re4 Qa1+
37.Kh2 Rd4 38.Qf8+ Ka7 39.Qc5+ Ka8 40.Qc8+ Ka7 41.Qc5+ Ka8 42.Qxe5 Rd1 43.Qxa1 Rxa1
44.a4 Ka7 45.Rxh4 b5 46.axb5 axb5 47.g4 Kb6 48.g5 Kc5 49.Rh8 Ra7 50.Rb8 b4
51.h4 Kc4 52.Kg3 b3 53.g6 Kc3 54.h5 Ra1 55.Kf4 Rg1 56.h6  1-0

[Event "BL2-N9394"]
[Site "Germany"]
[Date "1994.??.??"]
[Round "?"]
[White "Kalinitschew, Sergey"]
[Black "Oratovsky, Michael"]
[Result "1/2-1/2"]
[WhiteElo "2495"]
[BlackElo "2485"]

1.d4 d6 2.e4 Nf6 3.Nc3 c6 4.Nge2 e5 5.g3 Nbd7 6.Bg2 b5 7.O-O Be7 8.a3 Bb7
9.h3 h5 10.Be3 a6 11.f4 O-O 12.Qd2 Re8 13.Rad1 Qc7 14.fxe5 dxe5 15.d5 cxd5
16.exd5 Bc5 17.Kh2 Bxe3 18.Qxe3 Qb6 19.Qg5 Rac8 20.g4 hxg4 21.Ng3  1/2-1/2

[Event "Bundesliga 9394"]
[Site "Germany"]
[Date "1994.??.??"]
[Round "?"]
[White "Heinatz, Thomas"]
[Black "Schwarz, Michael"]
[Result "1-0"]
[WhiteElo "2355"]
[BlackElo "2390"]

1.e4 d6 2.d4 Nf6 3.Nc3 c6 4.Nf3 Bg4 5.Be2 e6 6.O-O d5 7.e5 Ne4 8.Nxe4 dxe4
9.Ng5 Bxe2 10.Qxe2 Qxd4 11.Bf4 Be7 12.Rfd1 Qxb2 13.Rab1 Qxa2 14.Rxb7 Bxg5
15.Bxg5 O-O 16.Bf6 Nd7 17.Rbxd7 gxf6 18.exf6 Kh8 19.Qxe4 Qb2 20.R7d4 Rab8
21.h3 e5 22.Rd7 c5 23.g3 Qb6 24.Qxe5 a5 25.R7d6 Qc7 26.Qe7 Qc8 27.Rd7 a4
28.Qe3 Ra8 29.Qh6 Rg8 30.Rxf7 Qf5 31.Rdd7  1-0

[Event "Bundesliga 9394"]
[Site "Germany"]
[Date "1994.??.??"]
[Round "?"]
[White "Vogt, Lothar"]
[Black "Buecker, Stefan"]
[Result "1-0"]
[WhiteElo "2495"]
[BlackElo "2335"]

1.e4 d6 2.d4 Nf6 3.Nc3 e5 4.dxe5 dxe5 5.Qxd8+ Kxd8 6.Bc4 Be6 7.Bxe6 fxe6
8.f3 Bc5 9.Na4 Bb4+ 10.c3 Bd6 11.Be3 Nbd7 12.O-O-O Ke7 13.c4 Nb6 14.Nxb6 axb6
15.Kb1 Bc5 16.Bxc5+ bxc5 17.Ne2 Rhd8 18.Rxd8 Rxd8 19.Kc2 h5 20.h4 Nd7 21.Nc1 Ra8
22.a3 Nb6 23.Kb3 Ra4 24.Nd3 Rxc4 25.Nxe5 Rd4 26.Kc3 Na4+ 27.Kc2 c4 28.Ng6+ Kd6
29.Nf4 b5 30.Nxh5 Ke5 31.Nxg7 Rd3 32.h5 Rb3 33.Rb1 Re3 34.Kd2 Rd3+ 35.Ke2 Rb3
36.h6 Kf6 37.Rh1 Rxb2+ 38.Ke3 Rb3+ 39.Kf4 Rd3 40.Ne8+ Kf7  1-0

[Event "Oberliga Nord W9394"]
[Site "Germany"]
[Date "1994.??.??"]
[Round "?"]
[White "Berndt, Axel"]
[Black "Von Alvensleben, Wolfram"]
[Result "0-1"]
[WhiteElo "2255"]
[BlackElo "2235"]

1.e4 d6 2.d4 Nf6 3.Nc3 e5 4.dxe5 dxe5 5.Qxd8+ Kxd8 6.Bc4 Be6 7.Bxe6 fxe6
8.Nf3 Bd6 9.Be3 Nc6 10.O-O-O Ke7 11.Nd2 h6 12.f3 a6 13.Na4 b6 14.Nb3 Rhd8
15.Kb1 Kf7 16.a3 Be7 17.Nc3 Ne8 18.Rhf1 Bf6 19.f4 exf4 20.Bxf4 Ke7 21.Ne2 Be5
22.Kc1 Nf6 23.Rde1 Rd7 24.Bxe5 Nxe5 25.Ng3 Rad8 26.h3 c5 27.Re2 c4 28.Nd2 b5
29.Nf3 Nxf3 30.gxf3 a5 31.Rfe1 b4 32.a4 g5 33.Rh2 c3 34.Rhe2 Rd1+  0-1

[Event "Bundesliga 9394"]
[Site "Germany"]
[Date "1994.??.??"]
[Round "?"]
[White "Stickler, Andreas"]
[Black "Vatter, Hans Joachim"]
[Result "1-0"]
[WhiteElo "2245"]
[BlackElo "2330"]

1.d4 d6 2.e4 Nf6 3.Nc3 e5 4.Nf3 Nbd7 5.Bc4 Be7 6.O-O O-O 7.Re1 c6 8.Bf1 Re8
9.a4 b6 10.b3 Rb8 11.Bb2 Bf8 12.d5 c5 13.Nd2 a6 14.g3 g6 15.Nc4 Qe7 16.Bc1 Bg7
17.Bg5 h6 18.Bd2 Nf8 19.Rb1 Bd7 20.Na3 Bc8 21.b4 Qc7 22.Nc4 N8d7 23.b5 a5
24.f4 Kh7 25.Bg2 Ng8 26.Kh1 f6 27.Ne2 Nf8 28.Nc1 Qd8 29.Qf3 Rb7 30.f5 g5
31.Nb3 Ra7 32.Qh5 Ree7 33.h4 Reb7 34.Re2 Qe7 35.Ra1 Bd7 36.Rf2 Kh8 37.Qe2 Nh7
38.Bf3 Bf8 39.Rh2 Qd8 40.Bh5 Be8 41.Bg6 Be7 42.Qh5 Bxg6 43.fxg6 Nf8 44.Ne3 c4
45.g7+ Kxg7 46.Nf5+ Kh8 47.Qf7 Ne6 48.dxe6 Bf8 49.e7 Nxe7 50.Qxf6+ Kg8 51.hxg5  1-0

[Event "BL2-O9394"]
[Site "Germany"]
[Date "1994.??.??"]
[Round "?"]
[White "Pirrot, Dieter"]
[Black "Hesse, Peter"]
[Result "1/2-1/2"]
[WhiteElo "2395"]
[BlackElo "2370"]

1.e4 d6 2.d4 Nf6 3.Nc3 e5 4.Nf3 Nbd7 5.g3 Be7 6.Bg2 O-O 7.O-O c6 8.a4 Re8
9.Re1 Bf8 10.h3 Qc7 11.Be3 b6 12.Nd2 Bb7 13.d5 cxd5 14.Nxd5 Nxd5 15.exd5 Rac8
16.c3  1/2-1/2

[Event "BL2-O9394"]
[Site "Germany"]
[Date "1994.??.??"]
[Round "?"]
[White "Meier, Volker"]
[Black "Roesch, Arnd"]
[Result "1/2-1/2"]
[WhiteElo "2300"]
[BlackElo "2375"]

1.e4 d6 2.d4 Nf6 3.Nc3 e5 4.Nf3 Nbd7 5.Bc4 Be7 6.O-O O-O 7.a4 c6 8.Re1 b6
9.h3 a6 10.b3 Bb7 11.d5 c5 12.Kh2 Kh8 13.Qe2 Ng8 14.g4 g6 15.Rg1 Ndf6 16.Bd2 Ne8
17.Raf1 Ng7 18.Rg2 Bc8  1/2-1/2

[Event "BL2-O9394"]
[Site "Germany"]
[Date "1994.??.??"]
[Round "?"]
[White "Meier, Volker"]
[Black "Hesse, Peter"]
[Result "1-0"]
[WhiteElo "2300"]
[BlackElo "2370"]

1.e4 d6 2.d4 Nf6 3.Nc3 e5 4.Nf3 Nbd7 5.Bc4 Be7 6.O-O O-O 7.a4 c6 8.Re1 b6
9.h3 a6 10.b3 Rb8 11.d5 cxd5 12.exd5 Ne8 13.Bb2 Kh8 14.Qd2 f5 15.Rad1 Bf6
16.Ba1 e4 17.Nd4 Bxd4 18.Qxd4 Ne5 19.Bf1 Qg5 20.Kh1 Nf6 21.Qe3 Qh4 22.Qg3 Qh6
23.Ne2 Nh5 24.Qc3 f4 25.Nd4 e3 26.Nc6 exf2 27.Rxe5 dxe5 28.Nxb8 Bg4 29.Rb1 e4
30.Qe5 e3 31.Bd4 Qg6 32.Bd3 Qh6 33.Nc6 f3 34.Bxe3 fxg2+ 35.Kxg2 Bf3+ 36.Kh2  1-0

[Event "BL2-O9394"]
[Site "Germany"]
[Date "1994.??.??"]
[Round "?"]
[White "Liedtke, Matthias"]
[Black "Mirschinka, Dirk"]
[Result "1-0"]
[WhiteElo "2270"]
[BlackElo "2270"]

1.e4 d6 2.d4 Nf6 3.Nc3 e5 4.Nf3 Nbd7 5.g3 c6 6.a4 Be7 7.Bg2 O-O 8.O-O Ne8
9.Be3 g6 10.Qd2 Ng7 11.Rad1 Qc7 12.h3 a6 13.Nh2 b5 14.f4 exf4 15.Bxf4 f5
16.exf5 Nxf5 17.Ng4 Nb6 18.Nh6+ Kh8 19.Nxf5 Bxf5 20.g4 Be6 21.Bh6 Rf7 22.d5 Nxd5
23.Nxd5 cxd5 24.Rxf7  1-0

[Event "BL2-O9394"]
[Site "Germany"]
[Date "1994.??.??"]
[Round "?"]
[White "Kersten, Uwe"]
[Black "Lorenz, Gerd"]
[Result "0-1"]
[WhiteElo "2365"]
[BlackElo "2235"]

1.e4 d6 2.d4 Nf6 3.Nc3 e5 4.Nge2 Nc6 5.f3 g6 6.Be3 Bg7 7.Qd2 O-O 8.O-O-O exd4
9.Nxd4 Re8 10.g4 Nxd4 11.Bxd4 Bd7 12.h4 h5 13.g5 Nh7 14.Bxg7 Kxg7 15.f4 Bg4
16.Qd4+ Kg8 17.Rd2 c6 18.Bg2 Nf8 19.Qxd6 Qb6 20.f5 Rad8 21.Qf4 Rxd2 22.Qxd2 gxf5
23.exf5 Bxf5 24.Bf3 Bg6 25.Qd1 Rd8 26.Qe1 Qd4 27.Kb1 Rd6 28.Ne4 Bxe4 29.Qxe4 Ng6
30.Qe8+ Kg7 31.Bxh5 Re6 32.Qb8 Qxh4  0-1

[Event "BL2-N9394"]
[Site "Germany"]
[Date "1994.??.??"]
[Round "?"]
[White "Kalinitschew, Sergey"]
[Black "Fedorov, Vladislav"]
[Result "1-0"]
[WhiteElo "2495"]
[BlackElo "2445"]

1.d4 d6 2.e4 Nf6 3.Nc3 e5 4.dxe5 dxe5 5.Qxd8+ Kxd8 6.Bc4 Be6 7.Bxe6 fxe6
8.f3 Bd6 9.Be3 Ke7 10.Nge2 a6 11.Nd1 Nc6 12.Nf2 Nb4 13.Kd2 Rhd8 14.Kc1 a5
15.c3 Na6 16.a4 Bc5 17.Bxc5+ Nxc5 18.Kc2 Ra6 19.Rhd1 Rad6 20.Nc1 Rxd1 21.Nxd1 Ne8
22.Nf2 Nd6 23.Ncd3 Nd7 24.Ng4 Nf7 25.h4 h5 26.Ne3 Nd6 27.Rh1 Rf8 28.Rh3 g6
29.Rg3 Kf6 30.Rh3 Ke7 31.Kb3 c6 32.Nc4 Nxc4 33.Kxc4 Rb8 34.Rh1 b6 35.Kb3 Rg8
36.Kc2 Kd6 37.Rd1 Ke7 38.Rh1 Rb8 39.b3 Rd8 40.Nb2 Ra8 41.Rd1 b5 42.c4 b4
43.c5 Nxc5 44.Nc4 Nd7 45.Rxd7+ Kxd7 46.Nb6+ Kc7 47.Nxa8+ Kb7 48.Kd3 Kxa8
49.Kc4 Kb7 50.Kc5 Kc7 51.g3 Kd7 52.Kb6 Kd6 53.Kxa5 Kc5 54.g4 Kd4 55.gxh5 c5
56.hxg6 c4 57.g7 cxb3 58.g8=Q b2 59.Qg1+ Kc3 60.Qb1  1-0

[Event "Oberliga Ost A9394"]
[Site "Germany"]
[Date "1994.??.??"]
[Round "?"]
[White "Packroff, Hermann"]
[Black "Matthey, Harald"]
[Result "0-1"]
[WhiteElo "2260"]
[BlackElo "2340"]

1.d4 d6 2.e4 Nf6 3.Nc3 e5 4.Bg5 Nbd7 5.Nf3 Be7 6.Bc4 c6 7.Bb3 b5 8.a3 a5
9.Bxf6 Bxf6 10.d5 c5 11.Nxb5 Be7 12.a4 O-O 13.O-O Nb6 14.Nd2 f5 15.exf5 Bxf5
16.Nc4 Nxc4 17.Bxc4 Bg5 18.Nc3 Rb8 19.b3 e4 20.Rb1 Qf6 21.Qe1 Qg6 22.Kh1 Bf4
23.Ne2 Be5 24.Ng3 Qh6 25.Qe2 Rf6 26.f4 exf3 27.Rxf3 Qh4 28.Nf1 Rbf8 29.Qf2 Qh6
30.Bd3 Bg4 31.Be4 Bxf3 32.gxf3 Qf4 33.Ng3 Rh6  0-1

[Event "Bundesliga 9394"]
[Site "Germany"]
[Date "1994.??.??"]
[Round "?"]
[White "Dueball, Juergen"]
[Black "Buecker, Stefan"]
[Result "1-0"]
[WhiteElo "2400"]
[BlackElo "2335"]

1.e4 d6 2.d4 Nf6 3.Nc3 e5 4.Nf3 Nbd7 5.Bc4 Be7 6.O-O O-O 7.Qe2 exd4 8.Nxd4 Ne5
9.Bb3 c5 10.Nf5 Bxf5 11.exf5 Qd7 12.Nd5 Rae8 13.Be3 Qxf5 14.Rad1 Nxd5 15.Bxd5 Bf6
16.h3 Ng6 17.Qd3 Qc8 18.c3 Re5 19.f4 Re7 20.Bc1 Rfe8 21.Bf3 Qd7 22.Bg4 Qc6
23.Bf3 Qb6 24.Kh2 Rd7 25.Rfe1 Rxe1 26.Rxe1 Ne7 27.g4 Bh4 28.Re2 Qd8 29.g5 d5
30.Bg4 Rc7 31.Bd2 Qf8 32.c4 d4 33.b4 f5 34.Bf3 b6 35.Re6 Nc8 36.Bd5 Kh8 37.Qxf5 Rf7
38.Qg4  1-0

[Event "BL2-W9394"]
[Site "Germany"]
[Date "1994.??.??"]
[Round "?"]
[White "Himmel, Hansjoerg"]
[Black "Wolter, Kai"]
[Result "1-0"]
[WhiteElo "2355"]
[BlackElo "2235"]

1.e4 d6 2.d4 Nf6 3.Nc3 e5 4.Nf3 Nbd7 5.Bc4 Be7 6.O-O O-O 7.a4 c6 8.Qe2 exd4
9.Nxd4 Re8 10.Be3 Bf8 11.f3 d5 12.exd5 Nb6 13.Ba2 Nbxd5 14.Nxd5 Nxd5 15.Bxd5 Qxd5
16.Qf2 Bf5 17.Nxf5 Qxf5 18.Kh1 Bd6 19.Bd4 Re6 20.Rae1 Rh6 21.g3 c5 22.Bc3 Rh3
23.f4 Rh6 24.Qg2 Rb8 25.Re2 Re6 26.Rxe6 Qxe6 27.Re1 Qd7 28.Rd1 Qc7 29.Qd5 Bf8
30.Be5 Qc8 31.Bxb8 Qxb8 32.Qd8  1-0

[Event "Oberliga Nord N9495"]
[Site "Germany"]
[Date "1994.??.??"]
[Round "?"]
[White "Sieg, Martin"]
[Black "Hennings, Artur"]
[Result "0-1"]
[WhiteElo "2280"]
[BlackElo "2355"]

1.d4 d6 2.e4 Nf6 3.Nc3 e5 4.dxe5 dxe5 5.Qxd8+ Kxd8 6.Bg5 Be6 7.Nf3 Nd7 8.a3 Bd6
9.Nd2 h6 10.Bh4 Ke7 11.Bc4 Nb6 12.Bxe6 Kxe6 13.O-O-O a6 14.Nb3 Nc4 15.f3 Nd7
16.Bf2 Rhd8 17.Rd3 b5 18.Rhd1 Rac8 19.Nc5+ Bxc5 20.Bxc5 Na5 21.f4 exf4 22.Ne2 g5
23.Nd4+ Kf6 24.Nf5 Nxc5 25.Rxd8 Rxd8 26.Rxd8 Nxe4 27.Nxh6 Kg6 28.Ng4 f5 29.Ne5+ Kf6
30.Nd3 Nc4 31.Rc8 Ne3 32.Ne1 c5 33.Rc6+ Ke5 34.Rxa6 c4 35.Ra5 Nd6 36.a4 Ke4
37.Nf3 g4 38.Nd2+ Kd5 39.axb5 Nxg2 40.b6+ Kc6 41.Nxc4 Nxc4 42.Rc5+ Kxb6 43.Rxc4 f3
44.Kd2 f2 45.Rb4+ Kc5 46.Ke2 Kxb4 47.Kxf2 Nf4 48.Kg3 Nh3  0-1

[Event "BL2-S9394"]
[Site "Germany"]
[Date "1994.??.??"]
[Round "?"]
[White "Lorscheid, Gerhard"]
[Black "Miltner, Arndt"]
[Result "1-0"]
[WhiteElo "2305"]
[BlackElo "2310"]

1.d4 d6 2.e4 Nf6 3.Nc3 Nbd7 4.Nf3 e5 5.g3 c6 6.a4 Be7 7.Bg2 O-O 8.O-O b6
9.h3 a6 10.Be3 Bb7 11.Nd2 b5 12.Re1 Qc7 13.f4 exd4 14.Bxd4 b4 15.Na2 c5 16.Bf2 Rad8
17.c4 Rfe8 18.Nc1 Bf8 19.g4 h6 20.Ncb3 d5 21.e5 dxc4 22.Bxb7 Qxb7 23.Na5 Qc7
24.Naxc4 Nd5 25.Qf3 Nb8 26.Ne4 Nb6 27.Ncd6 Bxd6 28.Nxd6 Rf8 29.Rec1 N8d7
30.a5 Nc8 31.Nb7 Ne7 32.Nxc5 Nxe5 33.fxe5 Qxe5 34.Nd3 Qb5 35.Rd1 Nc6 36.Nc5 Nxa5
37.Nd7 Rxd7 38.Rxd7 Qxd7 39.Rxa5 Qc7 40.Rc5 Qd7 41.Qd5 Qe7 42.Qc4 Qb7 43.Qd5 Qe7
44.Qe5 Qxe5 45.Rxe5 Rd8 46.Re4 a5 47.Rd4 Rc8 48.Rd3 Kh7 49.b3 Kg6 50.Bb6 Rc1+
51.Kg2 Ra1 52.Rd6+ f6 53.Rd5 Ra3 54.Rxa5 Rxb3 55.Rb5 Kf7 56.Bd4 Rd3 57.Rxb4 Kg6
58.Bf2 h5 59.Rb7 hxg4 60.hxg4 f5 61.gxf5+ Kxf5 62.Rxg7 Rb3 63.Re7 Ra3 64.Be3 Kf6
65.Re8 Kf5 66.Kf3 Ra4 67.Rh8 Rb4 68.Rh5+ Ke6 69.Bc5 Rc4 70.Ke3 Rg4 71.Bd4 Rg3+
72.Ke4 Rg8 73.Ra5 Rg2 74.Re5+ Kd6 75.Kf5 Rd2 76.Bc5+ Kc6 77.Ke6 Rh2 78.Be3 Rc2
79.Re4 Re2 80.Re5 Rc2 81.Bd4 Rc1 82.Rd5 Re1+ 83.Be5 Rh1 84.Rd8 Rh6+ 85.Bf6 Rh5
86.Rc8+ Kb7 87.Rc2 Rh6 88.Ke5 Kb6 89.Be7 Rh5+ 90.Kd4 Rh1 91.Bd8+ Kb5 92.Rc5+ Ka6
93.Bc7 Rd1+ 94.Ke5 Kb7 95.Ke6 Rd2 96.Bd6 Kb6 97.Kd7 Rd4 98.Rh5 Rc4 99.Rh8 Kb5
100.Rb8+ Ka4 101.Ke6 Rc2 102.Kd5 Rd2+ 103.Kc6 Rg2 104.Rb4+ Ka5 105.Rc4 Rg6
106.Rh4 Re6 107.Rh5+  1-0

[Event "BL2-O9394"]
[Site "Germany"]
[Date "1994.??.??"]
[Round "?"]
[White "Roesch, Arnd"]
[Black "Vorotnikov, Vladislav V"]
[Result "1/2-1/2"]
[WhiteElo "2375"]
[BlackElo "2465"]

1.d4 d6 2.e4 Nf6 3.Nc3 e5 4.Nf3 exd4 5.Nxd4 Be7 6.Be2 O-O 7.O-O Re8 8.Kh1 c6
9.f4 Bf8 10.Bf3 Na6 11.Re1  1/2-1/2